00547nam a22001817a 450000500170000001000150001702000260003203500130005803700130007108200080008424500610009225000110015326000300016427000680019430000280026250000500029070000250034020141105121359.0 aENG-111097 c295.00a9788120350557 aEN-94629 bDBAD/PUB a882 aIndian drama in English /cedited by Kaustav Chakraborty a2nd ed aDelhibPHI Learningc2014 bDelhie110092aRimjhim House, 111, Patparganj Industrial Estate axviii,421p. c23cm(pbk) aIncludes bibliographical references and index aChakraborty, Kaustav